000 01656nam a22001937a 4500
008 120615t xxu||||| |||| 00| 0 eng d
020 _a0273685988
050 _aHG4026.V36
100 _aVan Horne, James C.
245 _aFundamentals of financial management. /
_cJames C. Van Horne and John M. Wachowicz
250 _a12th ed.
260 _aU.K.:
_bPrentice Hall,
_cc2005.
300 _axxiv, 712 p.:
_bill.;
_c26cm.
500 _aIncludes index.
505 _aContents: Introduction to financial management -- The Role of financial management -- The Business, tax, and financial environments -- Valuation -- The Value of money -- The Valuation of long-term securities -- Risk and return -- Tools of financial analysis and planning -- Financial statement analysis -- Funds analysis, cash-flow analysis, and financial planning -- Working capital management -- Overview of working capital management -- Cash and marketable securities management -- Accounts receivable and inventory management -- Short-term financing -- Investment in capital assets -- Capital budgeting and estimating cash flows -- Capital budgeting techniques -- Risk and managerial (real) options in capital budgeting -- The Cost of capital, capital structure, and dividend policy -- Intermediate and long-term financing -- The Capital market -- Long-term debt, preferred stock, and common stock -- Term loans and leases -- Special areas of financial mangement -- Convertibles, and warrants -- Mergers and other forms of corporate restructuring -- International financial management -- Appendix.
650 _bFinancial management.
700 _aWachowics, John M.
942 _2lcc
_cBK
999 _c1374
_d8874